Actuacin̤ Notarial y Registral en la Escritura de Declaracin̤ de Obra nueva

Bibliographic Details
Main Author: Martn̕ez Ortega, Juan Carlos
Format: Book
Language:Spanish
Published: Madrid Dykinson 2016
Subjects:
Online Access:Acceso restringido

MARC

LEADER 00000nam a22000007a 4500
005 2016052501521.0
007 cr||z| ||u|
008 160525s2016 sp ||||| |||| 00||0 spa d
035 |a 14265 
040 |a vLex  
090 |c 6142  |d 6142 
100 1 |a Martn̕ez Ortega, Juan Carlos  
245 1 0 |a Actuacin̤ Notarial y Registral en la Escritura de Declaracin̤ de Obra nueva  |h [Recurso electrn̤ico] /  |c Juan Carlos Martn̕ez Ortega  
256 |a Servicio en ln̕ea  
260 |a Madrid  |b Dykinson  |c 2016 
300 |a 1 recurso electrn̤ico  
506 1 |a Contenido solo disponible en los productos indicados  |d vLex Global  |d vLex Global (Academic Edition, excluding Law Schools)  |d vLex Global (U.S. Academic Edition, Law Schools)  |d vLex Global (U.S. Academic Edition, excluding Law Schools)  |d vLex Global (Academic Edition, Law Schools) 
650 0 4 |a Derecho  |z Espaą 
740 0 |a vLex libros (servicio en ln̕ea)  
856 4 0 |u http://vlex.com/source/actuacion-notarial-registral-escritura-declaracion-obra-nueva-14265  |z Acceso restringido 
942 |c BOOK 
999 0 |a Law  |b Espaą